| 000 | 00603nam a22001937a 4500 | ||
|---|---|---|---|
| 005 | 20161019120155.0 | ||
| 010 | _aENG-116222 | ||
| 020 |
_a9780199451838 _c995.00 |
||
| 035 | _aEN-99754 | ||
| 037 | _bDBAD/PUB | ||
| 082 | _a320.954 | ||
| 245 |
_aIndia : _cedited by Samir kumar Das _bdemocracy and violence / |
||
| 260 |
_aNew Delhi _bOxford University Press _c2015 |
||
| 270 |
_aYMCA Library Building, 1 Jai Singh Road, _bNew Delhi _e110001 |
||
| 300 |
_aviii,258p. _c22cm(Hb) |
||
| 500 | _aIncludes index | ||
| 700 |
_a Das Samir Kumar _eed. |
||
| 942 |
_2ddc _cEN _mIND _h332.954 |
||
| 999 |
_c104052 _d104052 |
||